MORNING MARKET MADNESS : (Record no. 193447)

MARC details
000 -LEADER
fixed length control field 01769nam a2200337 ia4500
003 - CONTROL NUMBER IDENTIFIER
control field OSt
005 - DATE AND TIME OF LATEST TRANSACTION
control field 20231025112904.0
008 - FIXED-LENGTH DATA ELEMENTS--GENERAL INFORMATION
fixed length control field 231025t20232023si a jr 000 1 eng d
020 ## - INTERNATIONAL STANDARD BOOK NUMBER
International Standard Book Number 9789811253423
Terms of availability RM 33.37
Qualifying information paperback
040 ## - CATALOGING SOURCE
Original cataloging agency PPAK
Language of cataloging eng
Transcribing agency PPAK
Description conventions rda
082 04 - DEWEY DECIMAL CLASSIFICATION NUMBER
Classification number 005.1
Edition number 23
090 00 - LOCALLY ASSIGNED LC-TYPE CALL NUMBER (OCLC); LOCAL CALL NUMBER (RLIN)
Classification number (OCLC) (R) ; Classification number, CALL (RLIN) (NR) 005.1
Feature heading GRE
Feature heading K
100 1# - MAIN ENTRY--PERSONAL NAME
Personal name Grellen,
Relator term author
245 10 - TITLE STATEMENT
Title MORNING MARKET MADNESS :
Remainder of title CODING WITH CODY.
Number of part/section of a work 1.
Name of part/section of a work Logical sequencing and functions /
Statement of responsibility, etc. Grellen ; Illustrated by Tan Si Qi.
246 33 - VARYING FORM OF TITLE
Title proper/short title Coding with Cody.
Number of part/section of a work 1. Logical sequencing and functions
Title proper/short title Logical sequencing and functions
264 #1 - PRODUCTION, PUBLICATION, DISTRIBUTION, MANUFACTURE, AND COPYRIGHT NOTICE
Place of production, publication, distribution, manufacture Singapore :
Name of producer, publisher, distributor, manufacturer WS Education,
Date of production, publication, distribution, manufacture, or copyright notice [2023]
Date of production, publication, distribution, manufacture, or copyright notice ©2023
300 ## - PHYSICAL DESCRIPTION
Extent 31 pages :
Other physical details colour illustrations ;
Dimensions 26 cm
336 ## - CONTENT TYPE
Content type term text
Source rdacontent
Content type term still image
Source rdacontent
337 ## - MEDIA TYPE
Media type term unmediated
Source rdamedia
338 ## - CARRIER TYPE
Carrier type term volume
Source rdacarrier
490 1# - SERIES STATEMENT
Series statement I'm a little scientist!
520 ## - SUMMARY, ETC.
Summary, etc. It's Lily's birthday today and she's received a very special present - Cody the Robot! Cody soon proves that he can help out with a lot of things, as long as Lily uses code to teach him step by step. For his first outing, Mum takes Lily and Cody to the market to buy groceries, where they will have to break down their tasks so Cody can get the job done! Will they succeed?The Coding with Cody series introduces fundamental coding concepts to kids. Morning Market Madness teaches the basics of logical sequencing for actions to be carried out. Join Lily and Cody on their first adventure with code!
650 10 - SUBJECT ADDED ENTRY--TOPICAL TERM
Topical term or geographic name entry element Coding theory
Form subdivision Juvenile literature
Topical term or geographic name entry element Computer programming
Form subdivision Juvenile literature
700 1# - ADDED ENTRY--PERSONAL NAME
Personal name Tan, Si Qi,
Relator term illustrator
830 #0 - SERIES ADDED ENTRY--UNIFORM TITLE
Uniform title I'm a little scientist!
942 ## - ADDED ENTRY ELEMENTS (KOHA)
Source of classification or shelving scheme Dewey Decimal Classification
Koha item type Book
Holdings
Withdrawn Not for loan Current library Shelving location Date acquired Total Checkouts Full call number Barcode Date last seen Date last checked out Koha item type Total Renewals
    Perpustakaan Alor Setar Pinjaman Kanak-kanak 27/11/2023 2 K 005.1 GRE A01799380 16/05/2024 25/04/2024 Book  
    Perpustakaan Awam Sungai Petani Pinjaman Kanak-kanak 27/11/2023 2 K 005.1 GRE A01799381 17/11/2024 28/10/2024 Book  
    Perpustakaan Baling Pinjaman Kanak-kanak 27/11/2023   K 005.1 GRE A01799385 27/11/2023   Book  
    Perpustakaan Bandar Baharu Pinjaman Kanak-kanak 27/11/2023   K 005.1 GRE A01799386 27/11/2023   Book  
    Perpustakaan Jitra Pinjaman Kanak-kanak 27/11/2023 2 K 005.1 GRE A01799382 13/10/2025 22/09/2025 Book  
    Perpustakaan Kulim Pinjaman Kanak-kanak 27/11/2023 4 K 005.1 GRE A01799384 26/08/2025 27/07/2025 Book 1
    Perpustakaan Langkawi Pinjaman Kanak-kanak 27/11/2023   K 005.1 GRE A01799383 27/11/2023   Book